Warrior cats J names - Statistics

General Stats
  • This quiz has been taken 10 times
    9 since last reset
  • The average score is 13 of 26
Answer Stats
% Correct
Jay
100%
Jayfeather
100%
Jayclaw
71%
Jay frost
71%
Jack
57%
Jagged peak
57%
Jagged rock where heron sits
57%
Jaggedtooth
57%
Jay's wing
57%
Jessy
57%
Juniperclaw
57%
Juniperkit
57%
Jackdaw's cry
43%
Jacques
43%
JakeIh
43%
JakeTpb
43%
Jasper
43%
Jester
43%
Jingo
43%
Jumpfoot
43%
Jagged lightning
29%
Jet
29%
Jigsaw
29%
Juniper branch
29%
Jessamy
14%
Jumper
14%
No matching quizzes found
Score Distribution
Percent of People with Each Score
Percentile by Number Answered
Your Score History
You have not taken this quiz since the last reset